000 00587nam a2200193Ia 4500
003 GCL
008 140319s9999 xx 000 0 ara d
040 _aGCL /
_cGCL
082 0 4 _aق
_b953.0738
_bح ت
100 1 _aحسن ابراهيم حسن
245 1 0 _aتاريخ الدولة الفاطمية /
_cحسن ابراهيم حسن
260 _a[S.N] :
_bمكتبة النهضة المصرية ،
_c1985
300 _a741 ص
490 _a
650 0 4 _aالاسلام
650 0 4 _aالدولة الفاطمية
650 0 4 _aالتاريخ الاسلامى
942 _2ddc
_cBK
999 _c58423
_d58423